Obscure Napoleonic Facts Quiz - Statistics

General Stats
  • This quiz has been taken 28 times
  • The average score is 5 of 23
Answer Stats
Question Answer % Correct
Amount of Guard Grenadier units in French service as of 1815? 4
88%
How many bearskins are made from 1 bear 4
88%
Amount of regiments Colburg fielded? 1
75%
Amount of battle honors the 18e Regiment d'Ligne has 3
75%
Color of Neapolitan (Murat, 1812) Guard Marine's cuffs? Red
58%
Animal used to make Bicorne plumes/feathers Ostrich
17%
Bugle call of the French Hussars? Dans les Hussards
13%
Name of Napoleons child soldiers? Pupils of the Guard
13%
French regiment that spearheaded Ney's assault on La Haye Sainte 13th Legere
8%
Type of unit that built temporary bridges on campaigns? Pontooners
8%
Name of the Dutch child soldiers? Velites
8%
^ Its nickname Berewick
4%
Name of Joachim Murat's musket factory in Naples Gioaccinoville
4%
Tailcoat emblem of the Fusilier-Chasseurs of the French Imperial Guard? Imperial Eagle
4%
The Italian Army's 5th Line Infantry regiment's depot location Lombardy
4%
Murat's saddle at Borodino Tiger
4%
The two French eagles captured at Waterloo 45th and 105th
0%
The 1st and 2nd Dalmatian Battalions of the French Army were issued this type of hat in 1806 corsehut
0%
Name of Antoine Lasalle's brigade of Hussars? (In french) L'Brigade Infernale
0%
^ Name its first Rivoli
0%
Napoleons favorite meal Roast chicken with fried potatoes and onions.
0%
Colors of the Neapolitan cockade White, amaranth, brown
0%
The 'Sniper rifle' of the Napoleonic Wars, used by Austrian troops in very rare situations due to its high cost but extraordinary advantages. Windbüchse Rifle
0%
No matching quizzes found
Score Distribution
Percent of People with Each Score
Percentile by Number Answered
Your Score History
You have not taken this quiz